| 000 | 00618nam a2200181Ia 4500 | ||
|---|---|---|---|
| 008 | 100921s9999 xx 000 0 und d | ||
| 082 |
_b39659 _a891.463 न 04 |
||
| 100 | _aकप्तान संजय. | ||
| 245 | _aकलम कसाई. | ||
| 260 |
_bदेशमुख आणि कंपनी,पुणे. _c2004 |
||
| 300 |
_a138 _bकलाभारती वितरण,पुणे |
||
| 365 | _b100 | ||
| 520 | _aललित-कादंबरी. | ||
| 630 | _aकलम कसाई. | ||
| 650 | _aललित-कादंबरी. | ||
| 730 | _aकलम कसाई. | ||
| 942 | _cBOOK | ||
| 999 |
_c788772 _d788769 |
||